| 000 | 00733nam a22001937a 4500 | ||
|---|---|---|---|
| 003 | OSt | ||
| 005 | 20240815222724.0 | ||
| 008 | 240815b |||||||| |||| 00| 0 eng d | ||
| 040 |
_aCO-UdeC _besp _cCO-UdeC _dCO-UdeC |
||
| 082 | 0 | 4 |
_a863.44 _bR173 |
| 100 | 1 |
_aRamírez G., Heli _92692 _d1948- |
|
| 245 | 1 | 3 |
_aLa noche de su desvelo / _cHeli Ramírez G. |
| 260 | 3 |
_aMedellín : _bFábrica de Licores de Antioquia, _bBeneficencia de Antioquia, _bInstituto para el Desarrollo de Antioquia-IDEA-. _bEmpresas departamentales de Antioquia, _c1987. |
|
| 300 |
_a161 p. ; _c23 cm. |
||
| 490 | 0 |
_aAutores Antioqueños ; _v35. |
|
| 650 | 0 | 4 |
_aLiteratura colombiana _9269 |
| 650 | 0 | 4 |
_aAutores colombianos _92422 |
| 942 |
_2ddc _cBK _h863.44 R173 _n0 |
||
| 999 |
_c1891 _d1891 |
||